000 00813 a2200253 4500
003 CBULib
005 20241204140024.0
008 241204b |||||||| |||| 00| 0 eng d
020 _a9780415572989
040 _bEnglish
_cCBULib
_erda
050 _aGV 706.4 Men
100 _aGucciardi, Daniel F.
245 _aMental toughness in sport : developments in theory and research
_c/ by Daniel F. Gucciardi
260 _bRoutledge,
_c2011
_aOxon :
300 _avi, 257 pages : illustrations
336 _2rdacontent
_aText |
_btxt
337 _2rdamedia
_aUnmediated |
_bn
338 _2rdacarrier
_aVolume
_bnc
500 _aIncludes an index
650 0 _91373
_aATHLETES MENTAL HEALTH
650 0 _94086
_aSPORTS PSYCHOLOGICAL ASPECTS
650 0 _91374
_aATHLETES MENTAL HEALTH HANDBOOKS
942 _2lcc
_c002
999 _c85809
_d85809